[Event "Nordic-ch VISA"]
[Site "Reykjavik"]
[Date "1997.10.10"]
[Round "3"]
[White "Hector, Jonny"]
[Black "Westerinen, Heikki MJ"]
[Result "1-0"]
[WhiteElo "2470"]
[BlackElo "2410"]
[Annotator "Mueller,Karsten"]
[PlyCount "81"]
[EventDate "1997.10.08"]
[EventType "tourn"]
[EventRounds "13"]
[EventCountry "ISL"]
[EventCategory "10"]
[SourceTitle "CBM 062"]
[Source "ChessBase"]
[SourceDate "1998.01.31"]
[SourceVersion "1"]
[SourceVersionDate "1998.01.31"]
[SourceQuality "1"]

1. e4 d5 2. exd5 Qxd5 3. Nc3 Qa5 4. d4 Nf6 5. Bc4 Bf5 6. Bd2 c6 7. Qf3 $5 {
Hectors Patentzug.} Bg4 (7... Bxc2 $5 {Schwarz liegt zwar schon sehr weit in
der Entwicklung zurück, so daß es gefährlich ist, diesen Bauern zu verspeisen.
Matthias Wahls hält 7...Lxc2 in seinem Buch "Modernes Skandinavisch" dennoch
für gut spielbar. Ich gebe lediglich noch die Stammpartie an:} 8. Rc1 Bg6 9. d5
Qd8 10. Nh3 Nbd7 11. Nf4 $36 {1-0 Hector,J-Fries Nielsen,J/Hamburg Wichern-op
1995/EXT 95op (29)}) 8. Qf4 Qf5 {versucht der weißen Initiative durch
Damentausch den gefährlichsten Zahn ziehen. Voller Ausgleich dürfte so
allerdings nicht zu erzielen sein.} 9. Qe3 $5 $146 ({Auf} 9. Qc7 {kann noch}
Qd7 {folgen.}) 9... b5 (9... Qxc2 $2 10. Bd3 Qxb2 11. Rb1 Qa3 12. Nb5 $18) (
9... Qg6 10. Nh3 $5 Bxh3 (10... Qxc2 $2 11. Bd3 Qxb2 12. Rb1 Qa3 13. Nb5 $18) (
10... Nbd7 11. Nf4 Qxc2 12. f3 Bh5 13. Nd3 Bg6 14. Rc1 Bxd3 15. Rxc2 Bxc2 $16)
11. Qxh3 $14) (9... Bh5 10. f3 Bg6 11. Bb3 e6 12. g4 Qa5 13. h4 h6 14. Nge2 $36
) 10. Bb3 b4 11. Nce2 Bxe2 {bevor Schwarz Probleme mit seinem skandinavischen
Läufer bekommt, tauscht er ihn lieber ab, obwohl dies Weiß das Läuferpaar
zugesteht.} (11... Nd5 12. Qg3 Nd7 13. O-O-O e6 14. f3 Bh5 15. Qf2 $16) 12.
Nxe2 $14 {/+/-} e6 13. Ng3 Qb5 14. c4 bxc3 15. bxc3 Be7 16. c4 Qb7 17. O-O {
Hector hat die Entwicklung abgeschlossen und gruppiert nun seine Kräfte zum
Königsangriff um.} O-O 18. Rab1 Qd7 19. Bc3 a5 20. Ba4 Qc7 21. Qf3 Ra7 22. Rfd1
Rc8 23. Nf1 Nbd7 24. Ne3 Nb6 25. Bc2 Nbd7 26. g4 $1 {in der Folge wird der
stärkste Verteidiger, der Springer f6, vertrieben.} Nf8 27. g5 N6d7 28. h4 Ng6
29. Ng2 c5 $2 {erleichtert die weiße Aufgabe, da nun stark} 30. d5 $1 {[%cal
Gc3g7,Gc2h7,Gh4h5] folgt.} e5 $6 (30... Nde5 $5 {gefällt mir besser, z.B.} 31.
Qe2 exd5 32. cxd5 Bd6 $16) 31. h5 Nf4 $6 (31... Ngf8 32. Qg4 $16 {/+-}) 32.
Nxf4 exf4 33. Qd3 $18 Nf8 34. d6 Qd7 35. Qf5 $5 ({Nach} 35. dxe7 Qg4+ 36. Kh2
Qh4+ 37. Qh3 Qxf2+ 38. Kh1 Rxe7 {sollte Weiß zwar gewinnen, doch die Stellung
wäre sehr unübersichtlich.} (38... Qxc2 $2 39. Qd3 Qxd3 40. exf8=Q+ $18)) 35...
Bd8 36. Qxf4 Qh3 $6 (36... Ne6 $5 37. Qf5 Nxg5 38. f4 Qxf5 39. Bxf5 Ne6 40. d7
Rca8 41. Be5 $18) 37. Bf5 Qxc3 38. Bxc8 f6 39. g6 hxg6 40. hxg6 Ra8 41. Bf5 1-0

[Event "Chigorin Memorial 07th"]
[Site "St Petersburg"]
[Date "1999.11.02"]
[Round "1"]
[White "Kovalevskaya, Ekaterina"]
[Black "Anisimov, Pavel"]
[Result "1-0"]
[WhiteElo "2497"]
[BlackElo "2318"]
[Annotator "Mueller,Karsten"]
[PlyCount "93"]
[EventDate "1999.11.02"]
[EventType "swiss"]
[EventRounds "9"]
[EventCountry "RUS"]
[SourceTitle "CBM 074"]
[Source "ChessBase"]
[SourceDate "2000.02.01"]
[SourceVersion "1"]
[SourceVersionDate "2000.02.01"]
[SourceQuality "1"]

1. e4 d5 2. exd5 Nf6 3. Bb5+ Bd7 4. Be2 Nxd5 5. d4 Bf5 6. Nf3 e6 7. O-O Be7 8.
a3 O-O 9. c4 Nb6 10. Nc3 Bf6 11. h3 Nc6 12. Be3 Qd7 13. b4 Rad8 14. Ra2 (14.
Qb3 $5 Nxd4 15. Bxd4 Bxd4 16. Rad1 e5 17. Nb5 Qe7 18. Rfe1 $5 $14 {Hait,A-Ulko,
J/Moscow (rapid) 1997/Inf 70/[Hait,A] (21)}) 14... Nxd4 15. Nxd4 $5 (15. Bxd4
Bxd4 16. Rd2 Bxc3 17. Rxd7 Rxd7 18. Qb3 Bf6 19. Rd1 Rxd1+ 20. Bxd1 Rd8 21. Bc2
Bxc2 22. Qxc2 c6 $14 {Hait,A-Romcovici,V/Eforie_Nord 1996/Inf 70/[Hait,A] (22)}
) 15... Bxd4 16. Rd2 Bxe3 (16... e5 17. Nb5 Qe7 (17... Bxe3 18. Rxd7 Rxd7 19.
Qb3 $14 {/+/-}) 18. Nxd4 exd4 19. Rxd4 $14) 17. Rxd7 Rxd7 18. Qb3 $14 {/+/-}
Bg5 19. Rd1 c6 20. Rxd7 Nxd7 21. b5 Bf6 22. bxc6 bxc6 23. Qb7 Nb8 (23... Rd8 $5
) 24. Na2 Bd4 25. Nc1 e5 $6 26. Nb3 a6 27. Bf3 Bc2 28. Nd2 c5 29. Bd5 h6 30.
Qe7 Bb2 31. a4 Bd4 32. Ne4 Bxe4 33. Bxe4 g6 34. Bb7 Kg7 35. Qc7 Re8 $6 36. Bc8
$18 e4 37. Qxb8 e3 $5 38. fxe3 Rxe3 {[%tqu "De","Nur noch zwei Züge bis zur
Zeitkontrolle. Die Sekunden verrinnen. Was ist zu tun ?","Es droht ein
Abzugsschach mit Damengewinn.","Es ist ein Königszug.","g1f1","weicht der
gefährlichen Läufer-Turm Batterie aus.",5,"b8a8","ist für Fritz6 leicht, für
einen Menschen hingegen schwierig zu finden.",4,"g1h1","wäre hingegen wegen
Te1+ nebst Le5+ fatal.",-2]} 39. Kf1 $1 ({sonst war im Gewinnsinne nur noch} 
39. Qa8 {spielbar.}) (39. Kh1 $4 Re1+ 40. Kh2 Be5+ $19) 39... Be5 40. Qb1 $5 (
40. Qb6 Bg3 41. Qb2+ Kf8 42. Qd2 Re1+ 43. Qxe1 Bxe1 44. Kxe1 a5 {sollte
allerdings ebenfalls für Weiß gewonnen sein.}) 40... a5 41. Bg4 Ra3 (41... Bg3
42. Be2 $18) 42. Bd1 Ra1 43. Qb3 Bd4 44. Ke2 h5 45. Kd2 Bf2 46. Qc3+ Bd4 47.
Qxa5 1-0

[Event "ENG-CHN"]
[Site "London"]
[Date "1997.??.??"]
[Round "1"]
[White "Wang, Zili"]
[Black "Arkell, Keith C"]
[Result "1-0"]
[WhiteElo "2530"]
[BlackElo "2545"]
[Annotator "Mueller,Karsten"]
[PlyCount "101"]
[EventDate "1997.04.??"]
[EventType "schev"]
[EventRounds "3"]
[EventCountry "ENG"]
[SourceTitle "CBM 059"]
[Source "ChessBase"]
[SourceDate "1997.08.01"]
[SourceVersion "1"]
[SourceVersionDate "1997.08.01"]
[SourceQuality "1"]

1. e4 d5 2. exd5 Nf6 3. Nf3 Nxd5 4. d4 Bf5 5. Be2 e6 6. O-O Be7 7. a3 {
verhindert Nb4 und unterstützt eventuell später einen Raumgewinn am
Damenflügel mit b2-b4.} (7. c4 {ergibt etwas andere Bilder:} Nb4 (7... Nf6 8.
Nc3 c6 9. h3 (9. Nh4 $5) 9... h6 10. Bf4 O-O 11. Bd3 (11. Re1) 11... Bxd3 12.
Qxd3 Bd6 13. Ne5 Bxe5 14. Bxe5 Nbd7 15. Rad1 $14 {Tkeshelashvili,S-Szonyi,K/
WchJW-U16 Szeged 1994/TD 94\01/1-0 (48)}) 8. Na3 O-O 9. Be3 (9. Bd2 c5 10. Bxb4
cxb4 11. Nc2 Nc6 12. Ne3 Be4 13. d5 exd5 14. cxd5 Bxf3 15. Bxf3 Ne5 $11 {
1/2-1/2 Haik,A-Vasovski,N/Cannes op18th 1997/EXP 57 (37)}) (9. Bf4 c6 10. Qd2
Nd7 11. Rfd1 a5 12. h3 $14 {Rausis,I-Spacek,P/BL2-S 1992/BL2/1/2-1/2 (48)})
9... Nd7 10. Ne1 c6 11. Nac2 Nxc2 12. Nxc2 e5 13. dxe5 Nxe5 14. Nd4 $14 {
1/2-1/2 Parma,B-Pavlenko,O/JUG-URS Belgrade 1961/MCD-ma (31)}) 7... O-O (7...
c6 8. c4 Nf6 9. h3 h6 10. Bf4 Nbd7 11. Re1 O-O 12. Bf1 Re8 13. Nc3 Nf8 14. b4
a6 15. Qb3 b5 16. Rad1 bxc4 17. Bxc4 Nd5 18. Be5 $14 {1-0 Van Riemsdijk,
H-Benko,F/Mar del Plata op 1996/EXP 51 (39)}) 8. c4 Nf6 (8... Nb6 9. Nc3 Nc6
10. Be3 (10. b4 Bf6 11. Be3 Qe7 12. Qb3 Rfd8 13. Rad1 a5 14. b5 a4 15. Qa2 Na5
16. Ne5 Bxe5 17. dxe5 Nd7 18. f4 $14 {1-0 Socko,B-Kaminski,M/POL-ch 1996/CBM
53/(48)}) 10... Bf6 11. Rc1 (11. Qd2 Bg4 12. c5 Nd5 13. Ne4 Be7 14. Nc3 f5 $6 (
14... Bf6) 15. Nxd5 exd5 (15... Qxd5 16. b4 Bf6 17. b5 Ne7 (17... Nxd4 18. Nxd4
Bxd4 19. Bxd4 Bxe2 20. Qxe2 Qxd4 21. Qxe6+ $14) 18. Rac1 $14) 16. b4 $14 {
1-0 Grosar,K-Krmelj,N/SLO-chW Ljubljana 1995/EXT 95ch (37)}) 11... Qd7 12. b4
Rad8 13. Qb3 Nxd4 14. Bxd4 Bxd4 15. Rcd1 e5 16. Nb5 Qe7 17. c5 Nd5 (17... Nc8
18. Nbxd4 exd4 19. Rd2 Rfe8 20. Qc4 h6 21. Rxd4 Be4 22. Rfd1 $14 {1-0 Marciano,
D-Goldenberg,R/FRA-chT 1991/TD 91\02}) 18. Nbxd4 exd4 19. Nxd4 Be4 20. Rfe1 $14
{1-0 Tukmakov,V-Ubilava,E/URS Spartakiad 1979/MCD-ch (41)}) 9. Nc3 c6 (9... h6
$5) 10. Nh4 {das Läuferpaar wird Weiß einen leichten, aber sehr dauerhaften
Vorteil geben.} Bg6 11. Be3 (11. Nxg6 hxg6 12. Bf3 Nbd7 13. Bf4 Qa5 14. b4 Qf5
15. Be3 g5 16. Be2 $14 {1-0 Rechel,R-Lindner,H/Wiesbaden op 1994/GER 11 (39)})
11... Na6 12. Nxg6 $14 hxg6 13. Bf3 Nc7 14. Qb3 Qc8 15. Rac1 Rd8 16. Rfd1 Qb8
17. g3 a5 $2 {schwächt die schwarzen Felder am Damenflügel ohne Not.} 18. Na4
$16 Bd6 19. c5 Be7 20. Bf4 g5 (20... Nfd5 21. Bxd5 (21. Nb6 $6 Nxf4 $1 22. Nxa8
Nxa8 23. gxf4 Qxf4 $13 {z.B.} 24. Qxb7 Qxf3 25. Qxe7 Qg4+ 26. Kh1 (26. Kf1 Rb8
$11) 26... Qf3+ $11) 21... cxd5 (21... exd5 22. h4 $16) 22. h4 Ra6 23. Nb6 $16)
21. Bxg5 Nfd5 22. Bxe7 Nxe7 23. Nb6 Ra7 24. Be4 Ncd5 25. Nc4 {Weiß verlagert
nun seinen Angriff auf den durch den fehlenden Bauern geschwächten Königsflügel
} Nf6 26. Bb1 Rd5 27. Ne5 Qc7 28. Qf3 Ra8 29. Qf4 Rdd8 (29... Rad8 $2 30. Ba2
$18) 30. g4 Ned5 31. Qf3 Qe7 32. Kh1 g6 33. Qg3 Kg7 34. f4 Rh8 35. Rf1 Rag8 36.
Rce1 Kf8 37. Nf3 Rh6 38. g5 Nh5 39. Qg4 Rh7 40. Ne5 Kg7 {[%tqu "De","Wie setzt
Weiß seinen Angriff fort ?","","","e5g6","Zertrümmert den Bauernschutz des
Königs und macht den Weg für die weiße Dame frei.",5]} 41. Nxg6 $1 fxg6 42.
Rxe6 (42. Bxg6 Kxg6 43. f5+ Kf7 (43... Kg7 44. f6+ Qxf6 45. gxf6+ Kh8 46. Qf3
Ng3+ 47. Qxg3 Rxg3 48. f7 $18) 44. g6+ Ke8 45. gxh7 Qxh7 46. Qh4 $18) 42...
Ng3+ (42... Qf7 43. Rxg6+ Qxg6 44. Bxg6 Kxg6 45. f5+ Kg7 46. f6+ Ndxf6 47. Qe6
Kh8 48. Rxf6 Nxf6 49. Qxf6+ $18) 43. Kg1 Nxf1 44. Rxe7+ Nxe7 45. Qe6 Kf8 46.
Kxf1 Rxh2 47. Ba2 Ke8 48. Qd6 Rg7 49. Qb8+ Kd7 50. Qxb7+ Kd8 51. Be6 1-0

[Event "EU-chT (Men) 12th"]
[Site "Batumi"]
[Date "1999.11.30"]
[Round "2.1"]
[White "Fedorov, Alexei"]
[Black "Nisipeanu, Liviu Dieter"]
[Result "1/2-1/2"]
[WhiteElo "2659"]
[BlackElo "2584"]
[Annotator "Mueller,Karsten"]
[PlyCount "67"]
[EventDate "1999.11.06"]
[EventType "team-swiss"]
[EventRounds "9"]
[EventCountry "GEO"]
[SourceTitle "CBM 074"]
[Source "ChessBase"]
[SourceDate "2000.02.01"]
[SourceVersion "1"]
[SourceVersionDate "2000.02.01"]
[SourceQuality "1"]
[WhiteTeam "Belarus"]
[BlackTeam "Romania"]
[WhiteTeamCountry "BLR"]
[BlackTeamCountry "ROU"]

1. e4 d5 2. exd5 Qxd5 3. Nc3 Qa5 4. d4 c6 5. Nf3 Nf6 6. Bc4 Bf5 7. Ne5 e6 8. g4
Bg6 9. h4 Nbd7 10. Nxd7 Nxd7 11. h5 Be4 12. O-O Bd5 13. Nxd5 cxd5 14. Bd3 Bd6 (
14... g6 15. h6 Bd6 16. Qf3 O-O 17. c3 Qd8 $11 {/+/= 1/2-1/2 Muller,
A-Fischdick,G/Hofheim 1998/BL (26)}) 15. Bd2 (15. c3 g6 16. Bd2 Qd8 17. Kg2
gxh5 18. g5 Qe7 19. Qxh5 $14 {1/2-1/2 Westerinen,H-Prie,E/Andorra 1994/TD
94\02 (41)}) 15... Qd8 16. Kg2 Qh4 17. Rh1 Qf6 18. c3 Bf4 $11 {/+/=} 19. Qc1
Bxd2 20. Qxd2 O-O-O 21. f4 Qe7 22. Rae1 Qd6 23. Rh3 Kb8 24. Qf2 g6 25. Reh1 Nf6
(25... gxh5 $6 26. g5 Rdg8 27. Rxh5 $14) 26. hxg6 fxg6 27. g5 Nh5 28. Rh4 Rdf8
29. Rf1 Rf7 30. Be2 Ng7 31. Bg4 Nf5 32. Bxf5 Rxf5 33. Qe3 a6 34. Re1 (34. Re1
Re8 35. Rxh7 (35. Re2 Re7 $11) 35... Qxf4 (35... Rxf4 $6 36. Qg3 Ref8 37. Rh4 (
37. Re2 $5) 37... Rf2+ 38. Qxf2 Rxf2+ 39. Kxf2 Qf8+ {birgt Risiken für Schwarz.
}) 36. Qxf4+ Rxf4 37. Kg3 Ref8 38. Rh8 Rf3+ 39. Kg2 Rf2+ 40. Kg1 Rxh8 41. Kxf2
Rh5 42. Rxe6 Rxg5 43. Re7 $14) 1/2-1/2

[Event "ROM-ch"]
[Site "Iasi"]
[Date "1999.12.22"]
[Round "10"]
[White "Vajda, Levente"]
[Black "Istratescu, Andrei"]
[Result "0-1"]
[WhiteElo "2483"]
[BlackElo "2570"]
[Annotator "Mueller,Karsten"]
[PlyCount "156"]
[EventDate "1999.12.13"]
[EventType "tourn"]
[EventRounds "15"]
[EventCountry "ROU"]
[EventCategory "9"]
[SourceTitle "CBM 075"]
[Source "ChessBase"]
[SourceDate "2000.04.05"]
[SourceVersion "1"]
[SourceVersionDate "2000.04.05"]
[SourceQuality "1"]

1. e4 {Hecht. Marin} d5 2. exd5 Qxd5 3. Nc3 Qa5 4. d4 Nf6 5. Bd2 Bg4 6. Nf3 c6
7. h3 Bh5 8. Bc4 e6 9. Qe2 Bb4 10. a3 Nbd7 11. O-O-O Bxc3 12. Bxc3 Qc7 13. g4
Bg6 14. Ne5 Ne4 15. Qe3 (15. Bb4 $5 Nxe5 16. dxe5 Qxe5 17. Qe3 $40 {1-0 Kudrin,
S-Berg,K/Hamar op 1983/MCD-op (25)}) 15... Nxc3 16. Qxc3 O-O-O 17. Rhe1 (17.
Nxd7 Rxd7 $6 (17... Qf4+ 18. Qe3 Qxe3+ 19. fxe3 Kxd7 $11) 18. Qe3 $1 $14 {
0-1 Wolff,P-Rogers,I/Honolulu 73/113 1998/Inf 73/[Rogers,I] (35)}) 17... Nxe5
18. dxe5 h5 $11 19. Qe3 Qb6 20. Qxb6 axb6 21. Rxd8+ Kxd8 22. g5 Ke7 23. h4 b5
24. Bd3 Bxd3 25. cxd3 Rd8 26. Kc2 Kf8 27. Kc3 Kg8 28. Re4 Rd5 {Marin: '/
\Kg8-h7-g6-f5'} 29. g6 {'!?' Marin.} fxg6 30. f4 Kf7 31. Rd4 Rxd4 32. Kxd4 {
Hecht: '[#] Themen: doppelter g-Bauer als Temposchlucker Entfernter Freibauer
Dreiecksmanöver D-D+B'} b6 33. Ke4 Ke7 34. d4 Kd7 35. b3 (35. b4 $1 {Hecht} c5
36. bxc5 bxc5 37. dxc5 Kc6 38. Kd4 g5 39. fxg5 g6 40. Kc3 Kxc5 41. Kb3 Kd4 42.
Kb4 Kxe5 43. Kxb5 Kf4 44. Kc4 e5 45. Kd3 Kf3 46. Kd2 $11) 35... Kc7 36. Kd3 Kb7
37. Kc3 c5 38. dxc5 (38. b4 {Hecht} c4 39. Kd2 Kc6 40. Ke2 Kd5 41. Ke3 c3 42.
Kd3 c2 43. Kxc2 Kxd4 44. Kb3 Ke3 45. a4 bxa4+ 46. Kxa4 Kxf4 47. Kb5 g5 $19)
38... bxc5 39. Kd3 Kb6 40. Ke3 Kc6 41. Ke4 Kc7 42. Kd3 Kb6 43. Ke3 Kc6 44. Ke4
g5 $5 {Marin: 'קe5'} 45. fxg5 (45. hxg5 $2 h4 46. f5 h3 $19) 45... g6 {
Hecht: 'Der Temposchlucker'} {[%tqu "En","Can White hold the position ?","If
the king moves, Kd5 is possible...","It is a pawn move.","e4d3","",0,"b3b4",
"Yes, because the black king can not penetrate into the position.",6,"De",
"Kann Weiß die Stellung halten ?","Wenn der weiße König zieht, wird Kd5
ermöglicht...","Es ist ein Bauernzug.","e4d3","",0,"b3b4","Ja ! Denn der
schwarze König kann nicht eindringen.",6]} 46. Kd3 $2 (46. b4 $1 c4 47. Kd4 Kb6
{'?' Marin. '?!' Hecht.} (47... c3 $2 {Marin} 48. Kxc3 Kd5 49. Kb3 Kxe5 50. a4
bxa4+ 51. Kxa4 $16 (51. Kxa4 {Hecht} Kd5 (51... Kd4 52. b5 Kc5 53. Ka5 $18) 52.
Kb3 Kd4 53. b5 Kc5 54. Kc3 Kxb5 55. Kd4 Kc6 56. Ke5 Kd7 57. Kf6 e5 $11)) 48.
Ke3 Kc7 49. Ke4 Kb7 50. Ke3 Kc6 51. Kd4 $11 {denn} c3 $6 {bringt nur Schwarz
in Schwierigkeiten:} 52. Kxc3 Kd5 53. Kb3 Kxe5 54. a4 bxa4+ 55. Kxa4 Kd5 $1 56.
Kb3 (56. b5 e5 57. Kb4 e4 58. Kc3 Kc5 59. b6 Kxb6 60. Kd4 Kc6 61. Kxe4 Kd6 $11)
56... Kd4 57. b5 Kc5 58. Kc3 Kxb5 59. Kd4 Kc6 60. Ke5 Kd7 61. Kf6 e5 62. Kxg6
e4 $11) (46. a4 {Hecht} c4 $19) 46... Kd5 47. a4 Kc6 $1 {[%mdl 4096]} (47...
bxa4 $2 48. bxa4 c4+ (48... Kxe5 $2 49. Kc4 Kd6 50. a5 Kc6 51. a6 Kb6 52. a7
Kxa7 53. Kxc5 $18) 49. Kc3 Kc5 50. a5 Kb5 51. a6 Kxa6 52. Kxc4 Kb6 53. Kb4 Kc6
54. Kc4 Kb6 $11) 48. a5 $1 {Weiß rettet sich noch in ein Damenendspiel, das
nur sehr schwer - wenn überhaupt - zu gewinnen ist.} (48. axb5+ Kxb5 49. Kc3
Kb6 $1 50. Kd3 (50. Kc4 Kc6 $22) (50. Kc2 Kc6 51. Kc3 Kd5 $19) 50... Kc7 51.
Kc3 (51. Ke4 Kc6) 51... Kb7 52. Kd3 (52. b4 Kc6 $19) 52... Kb6 {Hecht: 'Ende
des Dreiecksmanövers, wonach Weiß im Zugzwang. d3 ist das einzige Feld, von
dem aus man beide Drohungen Kb5/Kc6 zugeleich bedienen kann.'} 53. Kc4 (53. Kc3
{Marin} Kb5 54. Kd3 Kb4 55. Kc2 c4 56. bxc4 Kxc4 $19) 53... Kc6 $19) (48. Kc3
Kb6 49. Kd2 c4 50. Kc3 cxb3 51. axb5 Kxb5 52. Kxb3 Kc5 $19) 48... Kb7 49. Kc3
Ka7 $1 (49... Ka6 $2 50. b4 c4 $11 {'=[]' Marin.}) 50. b4 cxb4+ 51. Kxb4 (51.
Kb3 Kb7 52. Kxb4 Ka6 $15 {/-/+}) 51... Ka6 52. Kc5 Kxa5 53. Kd6 b4 54. Kxe6 b3
55. Kf7 b2 56. e6 b1=Q 57. e7 Qf5+ 58. Kg7 Qe4 59. Kf7 Qxh4 60. e8=Q Qxg5 61.
Qe1+ Kb5 62. Qe2+ Kc5 63. Qf2+ Kc6 64. Qc2+ Kd6 65. Qh2+ Qe5 66. Qg1 Qe4 (66...
g5 $2 67. Qb6+ Kd5 68. Qb5+ Ke4 69. Qe2+ Kf4 70. Qf1+ $11) 67. Kf6 Qf4+ 68. Kg7
(68. Kxg6 $2 Qg4+ $19) 68... g5 $2 (68... Qe4 $15 {/-/+}) 69. Qd1+ $11 {
(Endspiel CD ROM)} Ke6 70. Qxh5 g4 71. Qe8+ $1 Kd5 72. Qb5+ Ke4 73. Qe2+ Kf5
74. Qd3+ Qe4 75. Qf1+ $1 Qf3 76. Qb1+ Kf4 77. Kh6 $2 {'??' Hecht. Marin: 'The
white king should avoid getting to close to the pawn, but probably Vajda
didn't know that.' Weiß läßt, vermutlich ermüdet vom langen Kampf, Damentausch
zu:} (77. Qc1+ Qe3 78. Qf1+ Kg5 79. Qf6+ Kh5 80. Qg6+ Kh4 81. Qh7+ Kg3 82. Qh1
$11) (77. Qb4+ $11 {Hecht}) (77. Qb8+ $11 {Hecht}) 77... Qc6+ 78. Kh5 $6 (78.
Kg7 g3 $19) 78... Qd5+ (78... Qd5+ 79. Kh6 (79. Kh4 Qg5#) 79... Qg5+ 80. Kh7
Qf5+ $19) 0-1

[Event "Radulescu Memorial"]
[Site "Calimanesti"]
[Date "1999.??.??"]
[Round "13"]
[White "Moldovan, Daniel"]
[Black "Ardeleanu, Alin"]
[Result "1/2-1/2"]
[WhiteElo "2456"]
[BlackElo "2420"]
[Annotator "Mueller,Karsten"]
[PlyCount "53"]
[EventDate "1999.02.??"]
[EventType "tourn"]
[EventRounds "13"]
[EventCountry "ROU"]
[EventCategory "8"]
[SourceTitle "CBM 070"]
[Source "ChessBase"]
[SourceDate "1999.06.08"]
[SourceVersion "1"]
[SourceVersionDate "1999.06.08"]
[SourceQuality "1"]

1. e4 d5 2. exd5 Qxd5 3. Nc3 Qa5 4. Nf3 Nf6 5. d4 c6 6. Ne5 Bf5 7. g4 Be6 8.
Nc4 Bxc4 (8... Qc7 $5 9. Ne3 g6 10. Bg2 Bg7 $11 {0-1 Herbrechtsmeier,C-Mueller,
K/BL9293 1993/BL 90 (39)}) 9. Bxc4 e6 10. Qe2 Bb4 11. Bd2 Nd5 $1 $11 {[%mdl 8]}
(11... Nbd7 $6 12. Rg1 O-O-O 13. a3 Nd5 14. Nxd5 Bxd2+ 15. Qxd2 Qxd2+ 16. Kxd2
cxd5 17. Bd3 h5 $6 18. g5 g6 19. a4 $14 {1-0 Hector,J-Hansen,C/Kerteminde 1991/
CBM 23/[King] (40)}) 12. Nxd5 (12. Ne4 $5 Bxd2+ 13. Qxd2 Qxd2+ 14. Kxd2 Ke7 $11
) (12. Bxd5 cxd5 13. Qb5+ Qxb5 14. Nxb5 Bxd2+ 15. Kxd2 Kd7 $11) 12... cxd5 13.
Bd3 Bxd2+ 14. Qxd2 Nc6 15. Qxa5 Nxa5 16. O-O-O h5 17. g5 g6 18. f4 Rc8 19. Rhe1
Kd7 20. Kb1 a6 21. b3 b5 22. Kb2 Rc6 23. c3 Rb8 24. a3 Nb7 (24... Nc4+ $5) 25.
Rc1 Nd6 26. Rc2 a5 27. Rcc1 1/2-1/2

[Event "Olympiad-34"]
[Site "Istanbul"]
[Date "2000.11.01"]
[Round "5.1"]
[White "Egger Mancilla, Jorge Alejandro"]
[Black "Papaioannou, Ioannis"]
[Result "1-0"]
[WhiteElo "2433"]
[BlackElo "2578"]
[Annotator "Mueller,Karsten"]
[PlyCount "127"]
[EventDate "2000.10.28"]
[EventType "team-swiss"]
[EventRounds "14"]
[EventCountry "TUR"]
[SourceTitle "EXT 2001"]
[Source "ChessBase"]
[SourceDate "2000.11.22"]
[SourceVersion "1"]
[SourceVersionDate "2000.11.22"]
[SourceQuality "1"]
[WhiteTeam "Chile"]
[BlackTeam "Greece"]
[WhiteTeamCountry "CHI"]
[BlackTeamCountry "GRE"]

1. e4 d5 2. exd5 Qxd5 3. Nc3 Qa5 4. d4 c6 5. Nf3 Nf6 6. Bc4 Bf5 7. Bd2 e6 8.
Nd5 Qd8 9. Nxf6+ gxf6 10. Qe2 Nd7 ({In Bezug auf die Annahme des Bauernopfers
siehe z.B.} 10... Bxc2 11. O-O (11. Rc1 {0-1 Zhang Zhong-Nisipeanu,L/Cap
d'Agde FRA 2000/CBM 80 (33)}) 11... Be7 12. Bh6 {1/2-1/2 Nisipeanu,L-Stefanova,
A/Krynica 1998/CBM 67/[Mueller,Karsten] (20)}) 11. O-O-O (11. d5 cxd5 12. Bxd5
Qb6 13. O-O O-O-O 14. Be4 Bxe4 15. Qxe4 f5 16. Qc4+ Qc5 17. Qa4 Rg8 18. b4 $6
Qd5 $15 {Vouldis,A-Tzermiadianos,A/Greece 73/(113) 1998/Inf 73/[Tzermiadianos,
And] (18)}) 11... Qc7 $6 (11... Nb6 $5) 12. Nh4 Bg6 13. Bxe6 $1 {[%mdl 512]} (
13. Nxg6 hxg6 14. Bxe6 fxe6 15. Qxe6+ Kd8 $13 {A.Tzermiadianos in Inf 73/(113)}
) 13... fxe6 14. Qxe6+ Kd8 (14... Be7 $2 15. Rhe1 O-O-O (15... Qd8 $2 16. Bb4
c5 17. Nxg6 hxg6 18. dxc5 $18) 16. Qxe7 Qxh2 17. Rh1 $18) 15. Nxg6 hxg6 16.
Rhe1 Bd6 17. d5 c5 (17... cxd5 18. Qxd5 Kc8 (18... Rc8 19. Bc3 Bf4+ 20. Kb1 Be5
21. Qf7 $40) 19. Re3 $40) 18. Bh6 (18. Qf7 $5) 18... Bf4+ (18... Rxh6 $4 19.
Qe8#) 19. Bxf4 Qxf4+ 20. Kb1 Kc8 (20... Qxh2 $2 21. Qe7+ Kc8 22. d6 Rd8 23. Rd3
$18) 21. d6 Rd8 $8 22. Qf7 Qg4 23. f3 Qa4 (23... Qxg2 $2 24. Re8 $18) 24. Re8 (
24. Qxg6 $5) 24... Qa5 $8 25. Rxd8+ Qxd8 26. Re1 Ne5 $8 27. Qe6+ Kb8 (27... Nd7
$2 28. f4 $18) 28. f4 Nc6 29. Qd5 a5 30. Qxc5 a4 31. Qd5 Ra5 32. Qe6 Ka7 33. a3
g5 34. Re4 f5 35. Rc4 gxf4 36. Rxf4 Kb8 $6 (36... Re5 {bot möglicherweise
bessere Rettungschancen, z.B.} 37. Rxa4+ Kb8 38. Qg6 Rd5 39. h4 Rd1+ 40. Ka2
Rxd6 41. Qxf5 Qg8+ 42. b3 Qxg2 43. Rg4 Qe2 44. Rg8+ Nd8) 37. Rxf5 Rxf5 38. Qxf5
Qxd6 39. h4 Qg3 40. Qe4 Qf2 41. Qxa4 Qxg2 42. Qf4+ Ka7 43. Qc4 Qg6 44. Qc5+ b6
45. Qd5 Qf6 46. h5 Nd4 47. h6 Qf1+ 48. Ka2 Ne2 49. Qd7+ Ka6 50. b4 Nc3+ 51. Kb3
Nb5 (51... Ne4 52. Qd3+ Qxd3+ 53. cxd3 Nf6 54. Kc4 $18) 52. Qd3 Qh1 (52...
Qxd3+ 53. cxd3 Nd6 54. h7 Nf7 55. Kc4 Ne5+ 56. Kd5 Ng6 57. Ke4 Kb5 58. Kf5 Nh8
59. Kf6 $18) 53. h7 Kb7 (53... Qa1 54. Ka4 Qe5 55. h8=Q $18) 54. Qxb5 (54. Qd7+
Nc7 (54... Ka6 55. Qc8+ Ka7 56. h8=Q $18) 55. Qg7 Qh3+ 56. Kb2 $18) 54... Qxh7
55. Qd5+ Ka7 56. a4 Qh3+ 57. Qd3 Qe6+ 58. Qc4 Qh3+ 59. Kb2 Qh8+ 60. Qc3 Qh5 61.
Qc7+ Ka8 (61... Ka6 62. c3 Qe2+ 63. Ka3 $18) 62. a5 b5 63. Qc8+ Ka7 64. Qc5+ (
64. Qc5+ Qxc5 65. bxc5 Ka6 66. c6 Kxa5 67. c7 $18) 1-0